Rural Development Issues in Industrialized Countries
Gespeichert in:
| Weitere Verfasser: | , |
|---|---|
| Format: | Buch |
| Sprache: | Englisch |
| Veröffentlicht: |
Pecs
Centre for Regional Studies
1986
|
| Ausgabe: | 1. ed. |
| Tags: |
Keine Tags, Fügen Sie das erste Tag hinzu!
|
MARC
| LEADER | 00000nam a2200000 4500 | ||
|---|---|---|---|
| 001 | c031317 | ||
| 005 | 20221207072628.1 | ||
| 041 | 0 | |a eng | |
| 044 | |a HU | ||
| 245 | 1 | 0 | |a Rural Development Issues in Industrialized Countries |c Edit. György Enyedi, Joeke Veldman |
| 250 | |a 1. ed. | ||
| 264 | 1 | |a Pecs |b Centre for Regional Studies |c 1986 | |
| 300 | |a 168 s. | ||
| 700 | 1 | |a Enyedi, György | |
| 700 | 1 | |a Veldman, Joeke | |